Molekulárne zmeny v priebehu kolorektálnej karcinogenézy

Bibliographic Details
Format: Article
Language:Slovak
PhysicalDescription:Fotogr., tab.
ISSN:1335-4477
Subjects:

MARC

LEADER 00000nab a2200000 a 4500
001 vtls008418449
003 SK-MaSNL
005 20260303070045.0
008 140303c2005 xo wrzp 0 0slo
015 |a SNBRB2005/11  |2 snkbucl 
040 |a SNKBUCL  |b slo  |c SNKBUCL  |e AACR2 
041 0 |a slo 
044 |a xo  |c SK 
080 |a 616.348/.351-006.6-076.5  |2 1997 
245 0 0 |a Molekulárne zmeny v priebehu kolorektálnej karcinogenézy  |c [spracoval] (mar) 
300 |b Fotogr., tab. 
650 0 7 |a karcinóm kolorektálny  |x diagnostika  |2 snkbucl  |9 908146 
773 0 |t Zdravotnícke noviny  |g Roč. X, č. 34 (2005)  |x 1335-4477 
773 0 8 |t Lekárske listy  |g Č. 34 (2005), s. 15 
852 |a SNK  |b KIS3GCP 
958 |a ME  |2 snkbucl 
999 |c 1753732  |d 1755662